Central Library OPAC University of Rajshahi

International law and human rights / (Record no. 59193)

MARC details
000 -LEADER
fixed length control field 00670nam a2200229 a 4500
001 - CONTROL NUMBER
control field 59193
003 - CONTROL NUMBER IDENTIFIER
rucl marc code BD-RjUL
005 - DATE AND TIME OF LATEST TRANSACTION
control field 20211209080713.0
008 - FIXED-LENGTH DATA ELEMENTS--GENERAL INFORMATION
fixed length control field 161221r19681950nyu 001 0 eng c
035 ## - SYSTEM CONTROL NUMBER
System control number (BD-RjUL)59317
040 ## - CATALOGING SOURCE
Original cataloging agency LC
Language of cataloging eng
Transcribing agency LC
Modifying agency LC
-- BD-RjUL
041 ## - LANGUAGE CODE
Language code of text/sound track or separate title eng
082 00 - DEWEY DECIMAL CLASSIFICATION NUMBER
Classification number 341.48
Edition number 23
Author mark and year LAI 1968
100 1# - MAIN ENTRY--PERSONAL NAME
Personal name Lauterpacht, Hersch,
Dates associated with a name 1897-1960.
9 (RLIN) 176020
245 10 - TITLE STATEMENT
Title International law and human rights /
Statement of responsibility, etc. H. Lauterpacht
260 ## - PUBLICATION, DISTRIBUTION, ETC. (IMPRINT)
Place of publication, distribution, etc. [Hamden, Conn.] :
Name of publisher, distributor, etc. Archon Books,
Date of publication, distribution, etc. 1950 [Reprinted 1968].
300 ## - PHYSICAL DESCRIPTION
Pagination xvi, 475 p. ;
Size 25 cm.
500 ## - GENERAL NOTE
General note Includes index
650 #0 - SUBJECT ADDED ENTRY--TOPICAL TERM
Topical term or geographic name as entry element Human rights.
9 (RLIN) 172338
942 ## - ADDED ENTRY ELEMENTS (KOHA)
Source of classification or shelving scheme Dewey Decimal Classification
Koha item type Books
Holdings
Lost status Source of classification or shelving scheme Damaged status Not for loan Collection code Permanent Location Current Location Shelving location Date acquired Source of acquisition Cost, normal purchase price Total Checkouts Full call number Date last seen Copy number Koha item type
  Dewey Decimal Classification   Not For Loan Non-fiction Central Library, University of Rajshahi Central Library, University of Rajshahi Reading Room 19/07/1988 Mamun bro. 30.70   341.48 LAI 1968 21/12/2016 C-1 Books